000 00340pab a2200157 454500
008 180718b2010 xxu||||| |||| 00| 0 eng d
100 _aRoy, Arun
245 _aHow MGNREGA is being undermined
260 _c2010
300 _ap.6.
362 _a20 Nov
650 _aEmployment
773 _aMainstream
908 _aN
909 _a89845
999 _c89845
_d89845